[Event "XVII Festival A"]
[Site "Trieste ITA"]
[Date "2015.08.30"]
[Round "2"]
[White "Blasco, Domenico"]
[Black "Zuttioni, Federico"]
[Result "0-1"]
[WhiteElo "1954"]
[BlackElo "2145"]
[PlyCount "60"]
[EventDate "2015.08.29"]

1. d4 Nf6 2. Nf3 d5 3. e3 g6 4. c4 c6 5. Nc3 Bg7 6. Bd3 O-O 7. O-O Nbd7 8. Qc2
b6 9. cxd5 cxd5 10. Qb3 Bb7 11. Bd2 Ne4 12. Be1 Rc8 13. Nd2 Nxc3 14. bxc3 e5
15. a4 Qc7 16. Nb1 f5 17. Na3 e4 18. Be2 f4 19. Nb5 Qb8 20. Bg4 fxe3 21. Bxd7
e2 22. Bxc8 exf1=Q+ 23. Kxf1 Rxc8 24. Na3 Qxh2 25. a5 Qh1+ 26. Ke2 Qxg2 27. Nc2
Ba6+ 28. Kd1 Bc4 29. Qb2 Bh6 30. Na3 Qf3+ 0-1

[Event "XVII Festival A"]
[Site "Trieste ITA"]
[Date "2015.08.30"]
[Round "2"]
[White "Seresin, Francesco"]
[Black "Iasman, Inna"]
[Result "1-0"]
[WhiteElo "2142"]
[BlackElo "1789"]
[PlyCount "79"]
[EventDate "2015.08.29"]

1. d4 d5 2. c4 c6 3. Nc3 Nf6 4. cxd5 cxd5 5. Bf4 Nc6 6. e3 Bf5 7. Qb3 Na5 8.
Qa4+ Bd7 9. Qc2 e6 10. Bd3 Rc8 11. Nge2 Be7 12. O-O O-O 13. f3 b5 14. a3 Nc4
15. e4 h6 16. e5 Nh5 17. Bd2 g5 18. f4 f5 19. exf6 Bxf6 20. Bxc4 Rxc4 21. Qg6+
Ng7 22. Qxh6 Bxd4+ 23. Nxd4 Rxd4 24. Be3 Re4 25. fxg5 Nf5 26. Qg6+ Kh8 27. Bf4
Qb6+ 28. Kh1 Rxf4 29. Rxf4 Be8 30. Rxf5 Bxg6 31. Rxf8+ Kg7 32. Rf6 d4 33. Nd5
Qd8 34. Nf4 Bf5 35. Nh5+ Kg8 36. Rc1 Qd7 37. Rxf5 Qb7 38. Rfc5 Qb6 39. Rc7 Kf8
40. g6 1-0

[Event "XVII Festival A"]
[Site "Trieste ITA"]
[Date "2015.08.30"]
[Round "2"]
[White "Pridigar, Lovro"]
[Black "Gavrish, Leonid"]
[Result "1-0"]
[WhiteElo "1919"]
[BlackElo "2140"]
[PlyCount "73"]
[EventDate "2015.08.29"]

1. d4 Nf6 2. Bg5 c5 3. d5 Ne4 4. Bf4 Qb6 5. Qc1 c4 6. e3 Qa5+ 7. c3 Qxd5 8. f3
Nc5 9. e4 Qe6 10. Na3 d5 11. Nb5 Nba6 12. Nd4 Qd7 13. b4 Ne6 14. Nxe6 Qxe6 15.
Qe3 dxe4 16. fxe4 Qf6 17. Bxc4 Nxb4 18. Bb5+ Nc6 19. Rd1 e5 20. Bg5 Bg4 21.
Bxf6 Bxd1 22. Bxc6+ bxc6 23. Bxe5 Ba4 24. Nf3 f6 25. Bd4 O-O-O 26. O-O Bb5 27.
Rb1 a6 28. Bc5 Rd3 29. Qf2 Rxc3 30. Bxf8 Rxf8 31. Nd4 Bd3 32. Qf5+ Kc7 33. Ne6+
Kd6 34. Nxf8 Bxb1 35. e5+ Ke7 36. Qxb1 Kxf8 37. Qb4+ 1-0

[Event "XVII Festival A"]
[Site "Trieste ITA"]
[Date "2015.08.30"]
[Round "3"]
[White "Urkedal, Frode"]
[Black "Baklan, Vladimir"]
[Result "0-1"]
[WhiteElo "2509"]
[BlackElo "2608"]
[PlyCount "68"]
[EventDate "2015.08.29"]

1. d4 Nf6 2. c4 e6 3. Nf3 b6 4. Nc3 Bb4 5. Bg5 Bb7 6. e3 h6 7. Bh4 c5 8. Bd3
cxd4 9. exd4 Bxf3 10. Qxf3 Nc6 11. Qe3 Rc8 12. Rc1 Ng4 13. Qg3 g5 14. Qxg4 gxh4
15. O-O Qg5 16. Qf3 Nxd4 17. Qb7 O-O 18. Qe4 Qg7 19. Kh1 Be7 20. Qb7 Nc6 21.
Qxd7 Rfd8 22. Qb7 f5 23. Rcd1 Bf6 24. Qxg7+ Kxg7 25. g3 hxg3 26. hxg3 Nb4 27.
Bb1 Bxc3 28. bxc3 Na6 29. Kg2 Kf6 30. Bc2 Rxd1 31. Rxd1 Rxc4 32. Bb3 Rxc3 33.
Rh1 Nc5 34. Rxh6+ Kg7 0-1

[Event "XVII Festival A"]
[Site "Trieste ITA"]
[Date "2015.08.30"]
[Round "3"]
[White "Vovk, Andrey"]
[Black "Jovanic, Ognjen"]
[Result "1/2-1/2"]
[WhiteElo "2606"]
[BlackElo "2459"]
[PlyCount "61"]
[EventDate "2015.08.29"]

1. e4 e5 2. Nf3 Nf6 3. Nxe5 d6 4. Nf3 Nxe4 5. d4 d5 6. Bd3 Nc6 7. O-O Be7 8.
Nc3 Nxc3 9. bxc3 Bg4 10. Rb1 Rb8 11. Bb5 O-O 12. Qd3 Bf6 13. Bf4 Ne7 14. Ne5
Bxe5 15. Bxe5 Ng6 16. Qg3 Nxe5 17. dxe5 Bf5 18. Bd3 Qd7 19. Rfe1 c5 20. Rbd1
Rbd8 21. Qf4 Bxd3 22. Rxd3 Qe6 23. Qd2 d4 24. cxd4 Rxd4 25. Rxd4 cxd4 26. Qxd4
Qxa2 27. c4 Rc8 28. h3 Qxc4 29. Qxa7 Qc3 30. Rb1 Qxe5 31. Qxb7 1/2-1/2

[Event "XVII Festival A"]
[Site "Trieste ITA"]
[Date "2015.08.30"]
[Round "3"]
[White "Bosiocic, Marin"]
[Black "Moroni, Luca Jr"]
[Result "1-0"]
[WhiteElo "2552"]
[BlackElo "2461"]
[PlyCount "49"]
[EventDate "2015.08.29"]

1. e4 e6 2. d4 d5 3. Nc3 Nf6 4. e5 Nfd7 5. f4 c5 6. Nf3 Nc6 7. Be3 Rb8 8. Be2
Qa5 9. O-O b5 10. a4 b4 11. Nb5 a6 12. f5 Qd8 13. fxe6 fxe6 14. Ng5 axb5 15.
Nxe6 Qe7 16. Nc7+ Kd8 17. Nxd5 Qe6 18. Rxf8+ Rxf8 19. Bg5+ Nf6 20. exf6 gxf6
21. Nxf6 Kc7 22. Bf4+ Kb7 23. d5 Qxf6 24. dxc6+ Qxc6 25. axb5 1-0

[Event "XVII Festival A"]
[Site "Trieste ITA"]
[Date "2015.08.30"]
[Round "3"]
[White "Pap, Gyula"]
[Black "Korpa, Bence"]
[Result "1-0"]
[WhiteElo "2536"]
[BlackElo "2433"]
[PlyCount "121"]
[EventDate "2015.08.29"]

1. Nf3 d5 2. g3 Bg4 3. Bg2 Nd7 4. d3 e6 5. Nbd2 Bd6 6. O-O Ne7 7. e4 c6 8. Qe1
O-O 9. h3 Bh5 10. Nh4 Ng6 11. Nxg6 Bxg6 12. f4 Re8 13. Nf3 Bc5+ 14. Kh1 f6 15.
g4 dxe4 16. dxe4 Qb6 17. h4 h5 18. g5 Rad8 19. a3 a5 20. b3 f5 21. e5 Qc7 22.
b4 Bb6 23. Rb1 Ra8 24. Qc3 axb4 25. axb4 Ba7 26. Nd2 Nb6 27. Qb3 Red8 28. Nf3
Bf7 29. c4 c5 30. Be3 Nd7 31. Ra1 Bb6 32. Rxa8 Rxa8 33. Rd1 cxb4 34. Bxb6 Nxb6
35. Qxb4 Ra4 36. Qd6 Rxc4 37. g6 Bxg6 38. Qxe6+ Bf7 39. Qxf5 Rc1 40. Rxc1 Qxc1+
41. Kh2 Qc8 42. Qg5 Be6 43. Qxh5 Qf8 44. Kg3 Nd5 45. Qg5 Qc8 46. Qg6 Ne7 47.
Qd3 Nf5+ 48. Kh2 Qd7 49. Qa3 Qc8 50. Ng5 Nxh4 51. Qe7 Bb3 52. Be4 Nf5 53. Qb4
Bf7 54. Nxf7 Kxf7 55. Qb3+ Kf8 56. Qa3+ Kg8 57. Bd5+ Kh7 58. Qh3+ Kg6 59. Be4
Qd7 60. Qg4+ Kh6 61. Qg5+ 1-0

[Event "XVII Festival A"]
[Site "Trieste ITA"]
[Date "2015.08.30"]
[Round "3"]
[White "Di Paolo, Raffaele"]
[Black "David, Alberto"]
[Result "0-1"]
[WhiteElo "2279"]
[BlackElo "2584"]
[PlyCount "108"]
[EventDate "2015.08.29"]

1. e4 c5 2. Nf3 e6 3. d4 cxd4 4. Nxd4 a6 5. Bd3 Bc5 6. Nb3 Be7 7. O-O d6 8. Qe2
Nc6 9. f4 Nf6 10. c4 Nb4 11. Nc3 Nxd3 12. Qxd3 O-O 13. Kh1 b5 14. Be3 bxc4 15.
Qxc4 Bb7 16. Rfd1 Rc8 17. Qe2 Nxe4 18. Nxe4 Bxe4 19. Qxa6 Rc2 20. Rd2 Qc7 21.
Qe2 Rc8 22. Nd4 Rc4 23. Rad1 Qb7 24. b3 Rc1 25. Qf1 Rxd1 26. Rxd1 Rc3 27. Re1
h5 28. Nf3 Rc2 29. a4 Qxb3 30. a5 Bd3 31. Qg1 Qa4 32. Ra1 Ra2 33. Rxa2 Qxa2 34.
Bb6 Bf6 35. h3 Qd5 36. Qf2 e5 37. Qe3 e4 38. Nd2 Qa2 39. Kh2 d5 40. Qf2 Qa3 41.
Bd4 Bxd4 42. Qxd4 Qxa5 43. Qe5 Qb5 44. Qc7 Qe8 45. Qd6 e3 46. Nf3 e2 47. Qb4
Be4 48. Ne1 f6 49. Qd2 Qb5 50. Kg3 Qc4 51. Kf2 Kf7 52. g3 d4 53. Qxe2 Qxe2+ 54.
Kxe2 Ke6 0-1

[Event "XVII Festival A"]
[Site "Trieste ITA"]
[Date "2015.08.30"]
[Round "3"]
[White "Bentivegna, Francesco"]
[Black "Maiorov, Nikita"]
[Result "1/2-1/2"]
[WhiteElo "2234"]
[BlackElo "2552"]
[PlyCount "44"]
[EventDate "2015.08.29"]

1. e4 e5 2. f4 Bc5 3. Nf3 d6 4. Nc3 Nc6 5. Bc4 Nf6 6. d3 a6 7. Nd5 Be6 8. Nxf6+
gxf6 9. f5 Bxc4 10. dxc4 Qd7 11. Qe2 Rg8 12. Bd2 b5 13. g3 Ne7 14. O-O-O bxc4
15. Qxc4 Qb5 16. Qb3 c6 17. Rhe1 Qxb3 18. axb3 d5 19. Be3 Bxe3+ 20. Rxe3 dxe4
21. Rxe4 Nxf5 22. g4 Ne7 1/2-1/2

[Event "XVII Festival A"]
[Site "Trieste ITA"]
[Date "2015.08.30"]
[Round "3"]
[White "Lodici, Lorenzo"]
[Black "Werle, Jan"]
[Result "0-1"]
[WhiteElo "2348"]
[BlackElo "2525"]
[PlyCount "92"]
[EventDate "2015.08.29"]

1. d4 Nf6 2. c4 e6 3. Nc3 Bb4 4. Bg5 c5 5. d5 h6 6. Bh4 d6 7. e3 O-O 8. Bd3
Nbd7 9. Nge2 exd5 10. cxd5 Ne5 11. O-O Ng6 12. Bg3 Nh5 13. f4 Nxg3 14. Nxg3 f5
15. Qc2 Nh4 16. e4 fxe4 17. Bxe4 Bd7 18. Kh1 Qf6 19. f5 Rae8 20. Rf2 g6 21.
Raf1 Nxf5 22. Nxf5 gxf5 23. g4 Bxc3 24. Bxf5 Bxf5 25. Rxf5 Qe7 26. bxc3 Rxf5
27. Qxf5 Kg7 28. Rf3 b5 29. Kg2 Rf8 30. Qd3 Rxf3 31. Kxf3 Qh4 32. Qxb5 Qh3+ 33.
Ke4 Qxg4+ 34. Kd3 Qd1+ 35. Ke3 Qe1+ 36. Kf3 Qxc3+ 37. Kg2 Qd2+ 38. Kg3 Qg5+ 39.
Kh3 Kf6 40. Qb7 h5 41. Qb2+ Qe5 42. Qb8 Qxd5 43. Qh8+ Kg6 44. Qe8+ Qf7 45. Qe3
Qf5+ 46. Kg3 Qg5+ 0-1

[Event "XVII Festival A"]
[Site "Trieste ITA"]
[Date "2015.08.30"]
[Round "3"]
[White "Loiacono, Leonardo"]
[Black "Codenotti, Marco"]
[Result "0-1"]
[WhiteElo "1916"]
[BlackElo "2424"]
[PlyCount "64"]
[EventDate "2015.08.29"]

1. e4 c5 2. Nf3 d6 3. d4 cxd4 4. Nxd4 Nf6 5. Nc3 a6 6. Be3 e5 7. Nb3 Be6 8. Be2
Be7 9. O-O O-O 10. f4 exf4 11. Bxf4 Nc6 12. Kh1 Rc8 13. Bf3 Re8 14. Nd4 Nxd4
15. Qxd4 Ng4 16. h3 Bf6 17. Qb4 Bxc3 18. bxc3 Ne5 19. Rad1 Bc4 20. Bxe5 Bxf1
21. Bxd6 Bb5 22. e5 Bc6 23. Bxc6 Rxc6 24. Qxb7 Qc8 25. Qa7 Rxc3 26. Rf1 Qc4 27.
Kg1 Qxa2 28. Qd7 Rec8 29. Qg4 Rxc2 30. Be7 Qe6 31. Qb4 Qxe5 32. Bd6 Qd5 0-1

[Event "XVII Festival A"]
[Site "Trieste ITA"]
[Date "2015.08.30"]
[Round "3"]
[White "Plenca, Jadranko"]
[Black "Jacob, Volker"]
[Result "1/2-1/2"]
[WhiteElo "2369"]
[BlackElo "2269"]
[PlyCount "88"]
[EventDate "2015.08.29"]

1. e4 e5 2. Nf3 Nc6 3. Nc3 Nf6 4. d4 exd4 5. Nxd4 Bb4 6. Nxc6 bxc6 7. Bd3 d5 8.
exd5 Qe7+ 9. Qe2 Nxd5 10. Qxe7+ Kxe7 11. Bd2 Bxc3 12. bxc3 Be6 13. O-O f5 14.
Rfe1 g6 15. c4 Nb6 16. Bf4 Kf7 17. Bxc7 Bxc4 18. Bxb6 Bxd3 19. Bc5 Bxc2 20.
Re7+ Kf6 21. Re2 Be4 22. Bd4+ Kg5 23. Bxh8 Rxh8 24. f3 Bd5 25. Re7 h5 26. Rxa7
h4 27. Re7 h3 28. Re2 Kf4 29. a4 hxg2 30. Rxg2 g5 31. a5 g4 32. a6 gxf3 33.
Ra4+ Be4 34. Rg7 Rd8 35. a7 c5 36. a8=Q Rxa8 37. Rxa8 Bxa8 38. Kf2 c4 39. h4 c3
40. h5 c2 41. Rg1 Bd5 42. h6 Bg8 43. Rc1 Kg5 44. Rxc2 Kxh6 1/2-1/2

[Event "XVII Festival A"]
[Site "Trieste ITA"]
[Date "2015.08.30"]
[Round "3"]
[White "Sorbera, Giovanni"]
[Black "Tratar, Marko"]
[Result "0-1"]
[WhiteElo "2177"]
[BlackElo "2479"]
[PlyCount "60"]
[EventDate "2015.08.29"]

1. c4 e5 2. Nc3 d6 3. g3 f5 4. Bg2 Nf6 5. Nf3 Be7 6. d4 e4 7. Ng5 c6 8. O-O d5
9. cxd5 Nxd5 10. Nh3 Be6 11. f3 exf3 12. exf3 O-O 13. Re1 Bf7 14. Nf4 Bf6 15.
Nfxd5 cxd5 16. Bf4 Qb6 17. Kh1 Qxd4 18. Qc2 Nc6 19. Qxf5 Rfe8 20. Red1 Ne7 21.
Qd7 Qb6 22. Bc7 Qxb2 23. Nb5 Ng6 24. Rab1 Qf2 25. f4 Re2 26. Rg1 Be6 27. Qxe6+
Rxe6 28. Bxd5 Kh8 29. Bxe6 Qf3+ 30. Rg2 Qe4 0-1

[Event "XVII Festival A"]
[Site "Trieste ITA"]
[Date "2015.08.30"]
[Round "3"]
[White "Mazi, Leon"]
[Black "Teeuwen, Jos"]
[Result "1-0"]
[WhiteElo "2405"]
[BlackElo "2154"]
[PlyCount "49"]
[EventDate "2015.08.29"]

1. e4 e6 2. d4 d5 3. exd5 exd5 4. Bd3 Nf6 5. h3 Bd6 6. Qf3 Be6 7. Ne2 Nbd7 8.
Bf4 Bxf4 9. Qxf4 O-O 10. Nbc3 c5 11. dxc5 Nxc5 12. O-O-O Qa5 13. f3 Nxd3+ 14.
Rxd3 b5 15. Nd4 Rac8 16. Ndxb5 Rc4 17. Rd4 a6 18. Rxc4 dxc4 19. Qc7 Qxc7 20.
Nxc7 Bc8 21. Rd1 Bb7 22. Rd6 Nh5 23. Ne2 a5 24. Rb6 Bc8 25. Rb5 1-0

[Event "XVII Festival A"]
[Site "Trieste ITA"]
[Date "2015.08.30"]
[Round "3"]
[White "Zuttioni, Federico"]
[Black "Hendriks, Willy"]
[Result "1/2-1/2"]
[WhiteElo "2145"]
[BlackElo "2384"]
[PlyCount "74"]
[EventDate "2015.08.29"]

1. e4 c5 2. Nf3 e6 3. g3 d5 4. exd5 exd5 5. d4 Nf6 6. Bg2 cxd4 7. Nxd4 Be7 8.
O-O O-O 9. Bf4 Nc6 10. c3 Bg4 11. Qd3 Qd7 12. Re1 Bc5 13. Nb3 Bb6 14. N1d2 Rfe8
15. Qf1 h6 16. Nf3 Bxf3 17. Bxf3 Ne4 18. Be3 Bxe3 19. Rxe3 Ng5 20. Rae1 Rxe3
21. Rxe3 Nxf3+ 22. Rxf3 Re8 23. Qc1 Re5 24. Re3 Qf5 25. Kg2 b6 26. Qe1 f6 27.
Qe2 Kf7 28. h3 Qe6 29. Nd4 Nxd4 30. cxd4 Rxe3 31. fxe3 Qe4+ 32. Kf2 g5 33. Qa6
Qc2+ 34. Kf3 Qf5+ 35. Kg2 Qe4+ 36. Kf2 Qf5+ 37. Kg2 Qe4+ 1/2-1/2

[Event "XVII Festival A"]
[Site "Trieste ITA"]
[Date "2015.08.30"]
[Round "3"]
[White "Sepehrkhoui, Ardeshir"]
[Black "Tabernig, Bernhard"]
[Result "0-1"]
[WhiteElo "2115"]
[BlackElo "2327"]
[PlyCount "74"]
[EventDate "2015.08.29"]

1. Nf3 Nf6 2. c4 e6 3. g3 a6 4. Bg2 b5 5. Qc2 bxc4 6. Qxc4 d5 7. Qc2 c5 8. O-O
Nc6 9. a3 Bd7 10. b3 Qb6 11. d3 Be7 12. e3 O-O 13. Nbd2 Rfc8 14. Bb2 a5 15. a4
Qa6 16. Ne5 Nb4 17. Qb1 Rab8 18. Re1 Be8 19. Bf1 Qb7 20. Qd1 Bd6 21. Rb1 Qc7
22. Nef3 Nd7 23. Rc1 f6 24. d4 Bg6 25. e4 Qa7 26. Nh4 cxd4 27. Rxc8+ Rxc8 28.
Nxg6 hxg6 29. exd5 Ne5 30. Ne4 Bf8 31. dxe6 Rc2 32. Ba1 f5 33. Ng5 d3 34. Nh3
Rd2 35. Qc1 Nf3+ 36. Kh1 Rxf2 37. Nxf2 Qxf2 0-1

[Event "XVII Festival A"]
[Site "Trieste ITA"]
[Date "2015.08.30"]
[Round "3"]
[White "Belli, Giorgio"]
[Black "Doric, Nenad"]
[Result "1/2-1/2"]
[WhiteElo "2027"]
[BlackElo "2298"]
[PlyCount "44"]
[EventDate "2015.08.29"]

1. e4 c5 2. Nf3 d6 3. d4 cxd4 4. Nxd4 Nf6 5. f3 Nc6 6. c4 Nxd4 7. Qxd4 g6 8.
Be3 Bg7 9. Nc3 O-O 10. Qd2 Qa5 11. Be2 Be6 12. O-O Rfc8 13. b3 a6 14. Rac1 b5
15. Nd5 Qxd2 16. Bxd2 Nxd5 17. cxd5 Bd4+ 18. Kh1 Bd7 19. Rxc8+ Rxc8 20. Rc1
Rxc1+ 21. Bxc1 f5 22. g4 fxg4 1/2-1/2

[Event "XVII Festival A"]
[Site "Trieste ITA"]
[Date "2015.08.30"]
[Round "3"]
[White "Marziali, Giulio"]
[Black "Pescatore, Lorenzo"]
[Result "1/2-1/2"]
[WhiteElo "2014"]
[BlackElo "2279"]
[PlyCount "82"]
[EventDate "2015.08.29"]

1. e4 Nc6 2. d4 e5 3. Nf3 exd4 4. Bc4 Nf6 5. e5 d5 6. Bb5 Ne4 7. Nxd4 Bd7 8.
Bxc6 bxc6 9. O-O Bc5 10. c3 Bb6 11. Be3 O-O 12. f3 Ng5 13. Nd2 f6 14. exf6 Qxf6
15. Qe1 Rae8 16. Qf2 Qg6 17. Kh1 Nf7 18. Bf4 Qf6 19. Bg3 Nh6 20. Qg1 c5 21.
N4b3 c4 22. Nc5 Bc6 23. Rfe1 Nf5 24. Bf2 Qh6 25. Nf1 a5 26. Rad1 Nh4 27. Bd4
Nf5 28. Bf2 Nh4 29. Bd4 Qg5 30. Ng3 Ng6 31. Ne6 Rxe6 32. Rxe6 Bd7 33. Ree1 Nf4
34. Re5 Qxe5 35. Bxe5 Bxg1 36. Kxg1 Nd3 37. Bxc7 Rc8 38. Bxa5 Ra8 39. b4 cxb3
40. axb3 Bb5 41. b4 Nf4 1/2-1/2

[Event "XVII Festival A"]
[Site "Trieste ITA"]
[Date "2015.08.30"]
[Round "3"]
[White "Horton, Andrew P."]
[Black "Seresin, Francesco"]
[Result "1-0"]
[WhiteElo "2278"]
[BlackElo "2142"]
[PlyCount "69"]
[EventDate "2015.08.29"]

1. Nf3 d6 2. c4 f5 3. d4 Nf6 4. g3 g6 5. b4 Bg7 6. Bb2 O-O 7. Bg2 Ne4 8. Nbd2
Nxd2 9. Qxd2 c6 10. O-O Nd7 11. Rfd1 Qc7 12. d5 Nf6 13. Rac1 Ne4 14. Qc2 Bxb2
15. Qxb2 e5 16. c5 cxd5 17. cxd6 Qxd6 18. Qxe5 Be6 19. Qxd6 Nxd6 20. Ng5 Bf7
21. Nxf7 Kxf7 22. Rc7+ Kf6 23. Rxd5 Rfd8 24. Rxh7 Rac8 25. Rc5 Nf7 26. Bxb7 Rb8
27. Rc7 Ng5 28. Rhd7 Re8 29. h4 Ne6 30. Rc6 Ke5 31. f4+ Nxf4 32. gxf4+ Kxf4 33.
Kf2 Re4 34. e3+ Kg4 35. Rxg6+ 1-0

[Event "XVII Festival A"]
[Site "Trieste ITA"]
[Date "2015.08.30"]
[Round "3"]
[White "Srebrnic, Vojko"]
[Black "Monjac, Mislav"]
[Result "1/2-1/2"]
[WhiteElo "2202"]
[BlackElo "2222"]
[PlyCount "91"]
[EventDate "2015.08.29"]

1. Nf3 Nf6 2. c4 e6 3. g3 b6 4. Bg2 Bb7 5. O-O c5 6. Nc3 a6 7. b3 d6 8. Bb2
Nbd7 9. d4 cxd4 10. Nxd4 Bxg2 11. Kxg2 Qc7 12. e3 Be7 13. f4 O-O 14. Rc1 Rfe8
15. Qf3 Rac8 16. g4 g6 17. g5 Nh5 18. Nde2 Nc5 19. Rfd1 Qb8 20. Ng3 Nxg3 21.
hxg3 b5 22. cxb5 axb5 23. b4 Na4 24. Nxa4 bxa4 25. a3 Qb5 26. Kf2 Bf8 27. Qe2
Qb7 28. Qd3 e5 29. Rxc8 Qxc8 30. Rc1 Qh3 31. Rg1 Bg7 32. Bc1 Rc8 33. Bd2 Qh2+
34. Rg2 Qh5 35. Rg1 Qh2+ 36. Rg2 Qh1 37. Rg1 e4 38. Rxh1 exd3 39. Rb1 Kf8 40.
Ke1 Ke7 41. Rc1 Rxc1+ 42. Bxc1 Bc3+ 43. Kd1 Ke6 44. Bd2 Bb2 45. Bc1 Bc3 46. Bd2
1/2-1/2

[Event "XVII Festival A"]
[Site "Trieste ITA"]
[Date "2015.08.30"]
[Round "3"]
[White "Hrescak, Ivana"]
[Black "McPhillips, Joseph"]
[Result "0-1"]
[WhiteElo "1993"]
[BlackElo "2191"]
[PlyCount "114"]
[EventDate "2015.08.29"]

1. d4 d5 2. c4 c6 3. Nf3 Nf6 4. Nc3 e6 5. Bg5 dxc4 6. e4 b5 7. e5 h6 8. Bh4 g5
9. Nxg5 hxg5 10. Bxg5 Nbd7 11. g3 Bb7 12. Bg2 Qb6 13. exf6 O-O-O 14. O-O c5 15.
d5 b4 16. Na4 Qb5 17. a3 Nb8 18. axb4 cxb4 19. h4 Bxd5 20. Bxd5 exd5 21. Qg4+
Kb7 22. Rfd1 Nc6 23. Qf5 Bh6 24. Bxh6 Rxh6 25. Re1 Rhh8 26. Red1 Rhe8 27. Qh5
Rd7 28. Qf5 Re6 29. h5 Rdd6 30. g4 Re5 31. Qf3 d4 32. h6 Qd5 33. Qxd5 Rexd5 34.
h7 Rd8 35. Kg2 Rh8 36. Rh1 Ne5 37. Kg3 Nd7 38. Rh6 Kc6 39. f4 d3 40. g5 Kb5 41.
Kf3 d2 42. Rhh1 Nf8 43. Ke2 Rxh7 44. Rxh7 Nxh7 45. Kd1 Nf8 46. Nc3+ bxc3 47.
bxc3 a5 48. Rb1+ Kc6 49. Rb8 Ng6 50. Rc8+ Kb5 51. Rc7 Nxf4 52. Rb7+ Kc6 53.
Rxf7 Nd3 54. Kxd2 Ne5+ 55. Kc2 Nxf7 56. g6 Rf5 57. g7 Nh6 0-1

[Event "XVII Festival A"]
[Site "Trieste ITA"]
[Date "2015.08.30"]
[Round "3"]
[White "Pridigar, Lovro"]
[Black "Henrich, Thomas"]
[Result "1/2-1/2"]
[WhiteElo "1919"]
[BlackElo "2177"]
[PlyCount "120"]
[EventDate "2015.08.29"]

1. d4 Nf6 2. Bg5 Ne4 3. Bf4 d5 4. f3 Nf6 5. e4 dxe4 6. Nc3 Nd5 7. Bb5+ c6 8.
Nxd5 Qxd5 9. c4 Qf5 10. Bxb8 cxb5 11. Bg3 bxc4 12. Qe2 Qa5+ 13. Kf2 exf3 14.
Nxf3 Bg4 15. Qxc4 Rc8 16. Qe2 Bxf3 17. gxf3 Qd5 18. Qd3 e6 19. Rac1 Rc6 20.
Rxc6 bxc6 21. Rc1 Be7 22. Qc4 Qxc4 23. Rxc4 Kd7 24. Ra4 Ra8 25. Ra6 Bd8 26. Ke2
Bb6 27. Bf2 Kc7 28. Kd3 Rd8 29. Ra4 Rd5 30. Rc4 Kd7 31. b4 f6 32. f4 h5 33. a4
g5 34. fxg5 fxg5 35. Bg3 a6 36. Be5 Bc7 37. Bxc7 Kxc7 38. Rc5 Rxc5 39. dxc5 a5
40. bxa5 Kb7 41. Ke4 Ka6 42. Ke5 g4 43. Kf4 e5+ 44. Kxe5 h4 45. Kf4 g3 46. hxg3
hxg3 47. Kxg3 Kxa5 48. Kf4 Kxa4 49. Ke5 Kb4 50. Kd4 Kb5 51. Kd3 Kxc5 52. Kc3
Kd5 53. Kd3 c5 54. Kc3 c4 55. Kc2 Kd4 56. Kd2 c3+ 57. Kc2 Kc4 58. Kc1 Kd3 59.
Kd1 c2+ 60. Kc1 Kc3 1/2-1/2

[Event "XVII Festival A"]
[Site "Trieste ITA"]
[Date "2015.08.30"]
[Round "3"]
[White "Markocic, Tine"]
[Black "Santeramo, Alessia Carmen"]
[Result "1-0"]
[WhiteElo "1901"]
[BlackElo "2085"]
[PlyCount "107"]
[EventDate "2015.08.29"]

1. e4 e5 2. Bc4 Nf6 3. d3 Nc6 4. Nc3 Bc5 5. f4 d6 6. Nf3 a6 7. h3 Be6 8. Bxe6
fxe6 9. fxe5 dxe5 10. Bg5 Qd6 11. Qd2 O-O-O 12. O-O-O Rhf8 13. Rhf1 Rd7 14. Ne2
Ba7 15. Be3 Rfd8 16. Bxa7 Nxa7 17. Qe3 c5 18. Nd2 Qc7 19. Nc3 b6 20. a4 Kb7 21.
g4 Rb8 22. Rf2 Ka8 23. Rdf1 Nc6 24. g5 Nh5 25. Rf8 Nf4 26. Rxb8+ Kxb8 27. Nc4
Nd4 28. Nxe5 Nfe2+ 29. Nxe2 Nxe2+ 30. Qxe2 Qxe5 31. Qg4 Qd6 32. Qf4 e5 33. Qf8+
Kc7 34. Qxd6+ Kxd6 35. Kd2 a5 36. Kc3 Ke6 37. h4 Rd4 38. b3 Rd6 39. Rf5 Rd4 40.
h5 Rd7 41. Kc4 h6 42. g6 Kd6 43. Rf7 Rxf7 44. gxf7 Ke7 45. Kd5 Kxf7 46. Kxe5 g5
47. hxg6+ Kxg6 48. Kf4 Kf6 49. c3 Ke6 50. d4 Kd6 51. d5 b5 52. c4 bxa4 53. bxa4
h5 54. e5+ 1-0

[Event "XVII Festival A"]
[Site "Trieste ITA"]
[Date "2015.08.30"]
[Round "3"]
[White "Ostovic, Matija"]
[Black "Horton, Jamie A."]
[Result "1-0"]
[WhiteElo "2322"]
[BlackElo "2023"]
[PlyCount "129"]
[EventDate "2015.08.29"]

1. Nf3 c5 2. c4 g6 3. g3 Bg7 4. Bg2 Nc6 5. O-O d6 6. Nc3 Bf5 7. d3 Qd7 8. Rb1
Bh3 9. Bxh3 Qxh3 10. Nd5 Rc8 11. b4 b6 12. bxc5 dxc5 13. Bf4 Qd7 14. Qc1 e6 15.
Nc3 Nge7 16. Ne4 O-O 17. Bh6 f6 18. Bxg7 Kxg7 19. Rd1 Nf5 20. e3 Rcd8 21. Qb2
Nd6 22. Nc3 Kg8 23. d4 cxd4 24. exd4 Nxc4 25. Qe2 N6a5 26. d5 e5 27. Ne4 Nd6
28. Rbc1 Nxe4 29. Qxe4 Rc8 30. Rxc8 Rxc8 31. d6 Rc6 32. Qa4 Kg7 33. Kg2 a6 34.
g4 g5 35. h4 h6 36. hxg5 hxg5 37. Qe4 Rc4 38. Nxe5 Rxe4 39. Nxd7 Nc6 40. Kf3
Rb4 41. Rc1 Nd4+ 42. Ke3 Ne6 43. Rc6 Kf7 44. Nxb6 Nd8 45. Rc7+ Ke6 46. Nc4 Nb7
47. a3 Rb5 48. d7 Ke7 49. Kd4 a5 50. Rc6 Kxd7 51. Rxf6 Nd8 52. Rf5 Rb3 53. Ke4
Rc3 54. Nxa5 Rxa3 55. Rxg5 Ne6 56. Rd5+ Ke7 57. Nc6+ Kf7 58. f4 Rc3 59. Nd4 Ng7
60. Rd7+ Kg8 61. f5 Ne8 62. g5 Rg3 63. f6 Rxg5 64. f7+ Kf8 65. Ne6# 1-0

[Event "XVII Festival A"]
[Site "Trieste ITA"]
[Date "2015.08.30"]
[Round "3"]
[White "Pepino, Enrico"]
[Black "Montilli, Vincenzo"]
[Result "0-1"]
[WhiteElo "2154"]
[BlackElo "2165"]
[PlyCount "168"]
[EventDate "2015.08.29"]

1. e4 e6 2. d4 d5 3. Nd2 Nf6 4. e5 Nfd7 5. Bd3 c5 6. c3 Nc6 7. Ngf3 Qb6 8. O-O
g6 9. Re1 Bg7 10. dxc5 Nxc5 11. Nb3 Nxd3 12. Qxd3 O-O 13. Bg5 Re8 14. Qd2 a5
15. Bh6 Bh8 16. Re2 a4 17. Nc1 Bd7 18. Nd3 Na5 19. Rd1 Bb5 20. Be3 Qc7 21. Bd4
Bc4 22. a3 Bg7 23. Qg5 Bxd3 24. Rxd3 Nc6 25. h4 Qd8 26. Qc1 h6 27. g3 Qc7 28.
Qf4 Ra5 29. Nh2 Kh7 30. Ng4 h5 31. Nf6+ Bxf6 32. Qxf6 Qe7 33. Qf4 Rb5 34. Qc1
Qf8 35. Rf3 Re7 36. Kg2 Rd7 37. Rd3 Qh6 38. Be3 Qg7 39. Bd4 Rb3 40. f3 b6 41.
Rd1 Qh6 42. f4 Ra7 43. Rf1 Na5 44. Rff2 Nc6 45. Rd2 Rc7 46. Qd1 Ne7 47. Qf1 Rc4
48. Rfe2 Qf8 49. Qf2 Qd8 50. Kh3 Nf5 51. Qg1 Nh6 52. Qe1 Qd7 53. Qg1 Qb5 54.
Bf2 Nf5 55. Qd1 Kg7 56. Qg1 Re4 57. Qe1 Rxe2 58. Qxe2 Qxe2 59. Rxe2 Ne7 60. Be3
Nc6 61. Kg2 Kf8 62. Kf2 Na5 63. Bc1 Nc4 64. Rc2 b5 65. Ke2 f6 66. exf6 Kf7 67.
Kd3 Kxf6 68. Rg2 Kf5 69. Re2 Nd6 70. Re5+ Kf6 71. Re2 Nf5 72. Rg2 d4 73. Kc2
dxc3 74. bxc3 Nd6 75. Re2 Nc4 76. Re4 Nxa3+ 77. Bxa3 Rxa3 78. Rb4 Ra2+ 79. Kd3
Rg2 80. Rxb5 Rxg3+ 81. Kd4 Rf3 82. c4 Rxf4+ 83. Kd3 Rxh4 84. c5 Ke7 0-1

[Event "XVII Festival A"]
[Site "Trieste ITA"]
[Date "2015.08.30"]
[Round "3"]
[White "Zamar, Kodelja Jurij"]
[Black "Debevec, Blaz"]
[Result "1-0"]
[WhiteElo "1973"]
[BlackElo "2154"]
[PlyCount "119"]
[EventDate "2015.08.29"]

1. d4 d5 2. c4 c6 3. Nf3 Nf6 4. e3 Bf5 5. cxd5 cxd5 6. Qb3 Nc6 7. Nc3 Rb8 8.
Be2 e6 9. O-O Be7 10. Bd2 O-O 11. Rfc1 Ne4 12. Nxe4 Bxe4 13. Ne5 Bd6 14. f4 f6
15. Nd3 Na5 16. Bxa5 Qxa5 17. Nc5 Bxc5 18. Rxc5 Qd2 19. Kf2 b6 20. Qc3 Qxc3 21.
Rxc3 e5 22. Rac1 exd4 23. exd4 Rb7 24. Rc7 Rxc7 25. Rxc7 Rf7 26. Rc8+ Rf8 27.
Rc6 Re8 28. Rc7 a5 29. Bb5 Re6 30. Ba6 f5 31. a3 h6 32. Bb7 g5 33. fxg5 Rg6 34.
Rd7 Rxg5 35. Bxd5+ Bxd5 36. Rxd5 Rg4 37. Kf3 Kg7 38. h3 Rh4 39. g3 Rxh3 40.
Rxf5 Rh2 41. Rb5 Rd2 42. d5 h5 43. Kf4 Kf7 44. Kg5 Rd3 45. Kh4 Ke7 46. Rxb6
Rxd5 47. Rh6 Rb5 48. Rxh5 Rxb2 49. Rxa5 Kf6 50. Ra6+ Kf5 51. g4+ Kf4 52. Ra4+
Kf3 53. Kh5 Rh2+ 54. Kg5 Rh8 55. Rb4 Rg8+ 56. Kf5 Rf8+ 57. Kg6 Ra8 58. g5 Rxa3
59. Kh6 Ra1 60. g6 1-0